000 01054nam a2200313ui 4500
001 012606556
003 EG-ScBUE
005 20251006083638.0
008 011015s2002 enk f b 001 0 eng d
020 _a9780198782742
040 _aStDuBDS
_beng
_erda
_dEG-ScBUE
_cEG-ScBUE
082 0 4 _a320.01
_222
_bKYM
100 1 _aKymlicka, Will,
_eauthor.
245 1 0 _aContemporary political philosophy :
_ban introduction /
_cWill Kymlicka.
250 _aSecond edition.
264 1 _aOxford :
_bOxford University Press,
_c2002.
300 _axii, 497 pages ;
_c24 cm
336 _atext
_2rdacontent
_btxt
337 _aunmediated
_2rdamedia
_bn
338 _avolume
_2rdacarrier
_bnc
500 _aPrevious ed.: Oxford : Clarendon, 1990.
504 _aIncludes bibliographical references and index.
650 7 _aPolitical science
_xPhilosophy.
_2BUEsh
650 7 _aPolitical science
_xHistory
_y20th century.
_2BUEsh
653 _cOctober2025
_bBUSBOL
655 _vReading book
942 _2ddc
_cBB
999 _c30994
_d30965